Essential image processing and GIS for remote sensing
Saved in:
| Main Author: | |
|---|---|
| Other Authors: | |
| Format: | Book |
| Language: | English |
| Published: |
Chichester, West Sussex, UK ; Hoboken, NJ :
Wiley-Blackwell,
2009
|
| Subjects: | |
| Tags: |
Add Tag
No Tags, Be the first to tag this record!
|
MARC
| LEADER | 00000nam a2200000 i 4500 | ||
|---|---|---|---|
| 001 | 1/11932 | ||
| 008 | 110214s2009 eng d | ||
| 020 | |a 978-0-470-51031-5 | ||
| 035 | |l 10109598 | ||
| 040 | |a GR-MY-UA |b gre |e aacr | ||
| 041 | 0 | |a eng | |
| 082 | 0 | |a 621.3678 |2 (22) | |
| 100 | 1 | |a Liu, Jian-Guo. | |
| 245 | 1 | 0 | |a Essential image processing and GIS for remote sensing / |c Jian Guo Liu, Philippa J. Mason |
| 260 | |a Chichester, West Sussex, UK ; Hoboken, NJ : |b Wiley-Blackwell, |c 2009 | ||
| 300 | |a xiv, 443 σ.; |b εικ.; |c 26 εκ. | ||
| 504 | |a Περιέχει βιβλιογραφία (σ. [428]-436) και ευρετήριο | ||
| 650 | 0 | 0 | |a Geographic information systems. |
| 650 | 0 | 0 | |a Remote sensing. |
| 650 | 0 | 0 | |a Image processing. |
| 700 | 1 | |a Mason, Philippa J. | |
| 852 | |a INST |b LESVOS |e 20110214 |h 621.3678 LIU |p 005100049409 |q 005100049409 |t BK |y 0 | ||
| 901 | |a BIBL1-2011-1 | ||
| 909 | |a Λ |b 166850 | ||
| 922 | |a 1ΕΛΗ |b 201011 |c ΤΜΗΜΑ ΓΕΩΓΡΑΦΙΑΣ |d ΜΙΧΑΛΟΠΟΥΛΟΣ | ||
| 970 | |a ΤΖΑΦΕΡΗ |b ΕΥΑΓΓΕΛΙΑ |z 2011/02/14 | ||